Ejercicios intelectuales

Saved in:
Bibliographic Details
Main Author: Garagorri, Paulino (Author)
Format: Book
Language:Spanish
Published: Madrid Selecta de Revista de Occidente 1967
Subjects:
Tags: Add Tag
No Tags, Be the first to tag this record!

MARC

LEADER 00000nam a2200000 a 4500
001 UCZ2534
003 CL-VaPUC
008 951005e19670000SP |||||||||||||||||spa|d
082 0 4 |a 860.938  |b GAR  |2 21 
100 |a Garagorri, Paulino  |e author  |9 354207 
245 1 0 |a Ejercicios intelectuales 
300 |a 291 p 
942 |c BK 
945 |d 19951005 00:00:00  |a awong 
260 |a Madrid  |b Selecta de Revista de Occidente  |c 1967 
650 0 |a Literatura española  |9 306261 
650 0 |a Ensayos  |9 268724 
583 |a last modification  |c 19951005 00:00:00  |k Rodrigo Vera 
999 |c 239113  |d 239111 
952 |0 0  |1 0  |4 0  |6 860_938000000000000_GAR_1967  |7 0  |8 P  |9 249955  |a BIBEDU  |b BIBEDU  |c BIBEDU_PB  |d 2019-11-18  |i 3132749  |o 860.938 GAR 1967  |p 3132749  |r 2024-01-25  |w 2019-11-18  |y BK  |k FIL